000 nam a22 7a 4500
999 _c10503
_d10503
008 180217b ||||| |||| 00| 0 eng d
100 _aBrien,D.
_96368
245 _aKnow and Grow with Derek-6
260 _aU.P.
_bD.K.
_c2010